The Happy Fits - Black Hole Lyrics - Statistics

General Stats
  • This quiz has been taken 3 times
  • The average score is 172 of 248
Answer Stats
Answer % Correct
a
100%
again
100%
and
100%
And
100%
black
100%
contest
100%
Dragging
100%
glass
100%
he
100%
He's
100%
hole
100%
human
100%
Hungry
100%
I
100%
in
100%
Is
100%
it
100%
it)
100%
It's
100%
it's
100%
Make
100%
me
100%
medicine
100%
prove
100%
Prove
100%
show
100%
Show
100%
Take
100%
(take
100%
the
100%
you
100%
your
100%
You're
100%
you're
100%
All
50%
been
50%
bound
50%
'Cause
50%
days
50%
do
50%
Double
50%
even
50%
Feel
50%
for
50%
gave
50%
Gemini
50%
get
50%
go
50%
God
50%
got
50%
Got
50%
I've
50%
knew
50%
know
50%
let
50%
lie
50%
mine
50%
months
50%
my
50%
never
50%
nothing's
50%
or
50%
out
50%
Play
50%
Pour
50%
Reaching
50%
seen
50%
Shed
50%
showed
50%
Since
50%
Sing
50%
skin
50%
So
50%
so
50%
Space
50%
specimen
50%
sympathy
50%
through
50%
'Til
50%
to
50%
unstable
50%
violent
50%
vision
50%
Weeks
50%
We've
50%
when
50%
while
50%
Why
50%
yours
50%
back
0%
come
0%
don't
0%
Hell
0%
hide
0%
Will
0%
No matching quizzes found
Score Distribution
Percent of People with Each Score
Percentile by Number Answered
Your Score History
You have not taken this quiz